000 00401cam a2200145u 4500
082 _a811
_bCOR
100 1 _aS.M,Corbett,Thomas, Brother.]
_945933
245 1 0 _aModern American poetry--1932-
260 _aNew York,
_bThe Galleon press
_c[c1932- ]
300 _av.
_c22 cm.
526 _a0
_b0
_c0
_d811_000000000000000_COR
650 0 _aAmerican poetry
_945934
650 0 _aMCE
_9379
942 _2ddc
_cBK
999 _c549325
_d549325